00327nam a2200145Ia 45000030006000000080041000060400015000471000018000622450017000802500007000972600040001043000006001445460014001500050017001640STCL150530s9999 xx 000 0 und d aSTCLcSTCL aKesava Dev, P aOdayil Ninnu a17 bD.C. book; Kottayamc1990aKottayam a0 aMalayalam20220125171517.0